Carregant...

Gadhy ke vividh roop /

Dades bibliogràfiques
Autor principal: Majida Azad
Format: Printed Book
Idioma:Hindi
Publicat: New Delhi : Granth Academy , 1990.
Matèries:
LEADER 00491nam a2200145Ia 4500
008 150624b xxu||||| |||| 00| | hin d
082 |a 860.9 
100 |a Majida Azad 
245 |c Majida Azad  |a Gadhy ke vividh roop / 
260 |a New Delhi :  |b Granth Academy ,  |c 1990. 
546 |a In Hindi. 
653 |a Hindi Literature. 
942 |c BK 
999 |c 92293  |d 92293 
952 |0 1  |1 0  |2 ddc  |4 1  |6 860_900000000000000_MAJ_G_H  |7 0  |9 92235  |a UL  |b UL  |c ST1  |d 1998-09-15  |l 1  |m 1  |o 860.9 MAJ/G H  |p 64563  |r 2017-05-30  |s 2017-03-28  |y BK